En Cuba / (Registro nro. 5694)
[ vista simple ]
| 000 -CABECERA | |
|---|---|
| campo de control de longitud fija | 00635cam a2200193 a 4500 |
| 001 - NÚMERO DE CONTROL | |
| campo de control | 000005898 |
| 005 - FECHA Y HORA DE LA ÚLTIMA TRANSACCIÓN | |
| campo de control | 20200929151830.0 |
| 008 - DATOS DE LONGITUD FIJA--INFORMACIÓN GENERAL | |
| campo de control de longitud fija | 730409s1972 ag 001 0 spa |
| 040 ## - FUENTE DE LA CATALOGACIÓN | |
| Centro catalogador/agencia de origen | DO-SdBNP |
| Centro/agencia transcriptor | NhD |
| Centro/agencia modificador | OCoLC |
| -- | PPiU |
| -- | DLC |
| 050 00 - SIGNATURA TOPOGRÁFICA DE LA BIBLIOTECA DEL CONGRESO | |
| Número de clasificación | F1765.2 |
| Número de documento/Ítem | .C27 |
| 082 ## - NÚMERO DE LA CLASIFICACIÓN DECIMAL DEWEY | |
| Número de clasificación | nn |
| Número de documento/Ítem | C266e |
| 100 1# - ENTRADA PRINCIPAL--NOMBRE DE PERSONA | |
| Nombre de persona | Cardenal, Ernesto |
| Forma completa/desarrollada del nombre | (Ernesto Cardenal Martínez), |
| Fechas asociadas al nombre | 1925- |
| 9 (RLIN) | 16629 |
| 245 10 - MENCIÓN DE TÍTULO | |
| Título | En Cuba / |
| Mención de responsabilidad, etc. | Ernesto Cardenal. |
| 260 ## - PUBLICACIÓN, DISTRIBUCIÓN, ETC. | |
| Lugar de publicación, distribución, etc. | Buenos Aires : |
| Nombre del editor, distribuidor, etc. | Carlos Lohlé, |
| Fecha de publicación, distribución, etc. | 1972. |
| 300 ## - DESCRIPCIÓN FÍSICA | |
| Extensión | 370 p. ; |
| Dimensiones | 20 cm. |
| 651 #0 - PUNTO DE ACCESO ADICIONAL DE MATERIA--NOMBRE GEOGRÁFICO | |
| Nombre geográfico | Cuba |
| Subdivisión general | Description And Travel. |
| 9 (RLIN) | 16630 |
| 651 #0 - PUNTO DE ACCESO ADICIONAL DE MATERIA--NOMBRE GEOGRÁFICO | |
| Nombre geográfico | Cuba |
| Subdivisión general | Politics And Government |
| Subdivisión cronológica | 1959-1990. |
| 9 (RLIN) | 16631 |
| 910 ## - DATOS DE OPCIÓN DEL USUARIO (OCLC) | |
| Datos de opción del usuario | Catalogación por copia / LC |
| Estado de retiro | Estado de pérdida | Restricciones de uso | No para préstamo | Código de colección | Localización permanente | Ubicación/localización actual | Ubicación en estantería | Fecha de adquisición | Número de inventario | Total de préstamos | Signatura topográfica completa | Código de barras | Fecha visto por última vez | Precio válido a partir de | Tipo de ítem Koha | Número de copia |
|---|---|---|---|---|---|---|---|---|---|---|---|---|---|---|---|---|
| Préstamo interno | Monografías: Libros y Folletos | General | General | Depósito | 24.08.2009 | LF1 | nn C266e | 5898-10 | 25.06.2020 | 25.06.2020 | Préstamo interno | |||||
| Préstamo restringido | Préstamo restrigido | Monografías: Libros y Folletos | General | General | Depósito | 29.04.2010 | LF1 | nn C266e | 5898-20 | 25.06.2020 | 25.06.2020 | Préstamo interno | e. 2 | |||
| Préstamo interno | Monografías: Libros y Folletos | General | General | Depósito | 29.04.2010 | LF1 | nn C266e | 5898-30 | 25.06.2020 | 25.06.2020 | Préstamo interno | e. 3 | ||||
| Monografías: Libros y Folletos | General | General | Depósito | 21.02.2014 | LF1 | nn C266e | 5898-40 | 25.06.2020 | 25.06.2020 | Préstamo en sala | e. 4 |
